Xécgây Âydenxtanh /
Đây là tập truyện danh nhân về nhà đạo diễn Nga vĩ đại Xécgây Âydenxtanh.
Saved in:
| Main Author: | |
|---|---|
| Other Authors: | , |
| Format: | Book |
| Language: | Vietnamese |
| Published: |
Hà Nội :
Văn hoá,
1999.
|
| Subjects: | |
| Tags: |
Add Tag
No Tags, Be the first to tag this record!
|
| Institutions: | Mạng thư viện Đại học Đà Nẵng |
|---|
| LEADER | 01053cam a2200373 i 4500 | ||
|---|---|---|---|
| 001 | 000046874 | ||
| 003 | 6382 | ||
| 005 | 20030917082206.0 | ||
| 008 | 010306b1999 vm 000 vie | ||
| 020 | |c 47000 | ||
| 040 | |a IRC |c IRC |d IRC | ||
| 041 | 1 | |a vie | |
| 082 | 1 | 4 | |a 927.91 |b SK-V |
| 100 | 1 | |a Sklốpxki, Víchto. | |
| 245 | 0 | 0 | |a Xécgây Âydenxtanh / |c Víchto Sklốpxki ; Vương Trí Nhàn, Ngân Giang dịch. |
| 260 | |a Hà Nội : |b Văn hoá, |c 1999. | ||
| 300 | |a 551tr. ; |c 19cm. | ||
| 520 | 3 | |a Đây là tập truyện danh nhân về nhà đạo diễn Nga vĩ đại Xécgây Âydenxtanh. | |
| 630 | 0 | 4 | |a Danh nhân. |
| 630 | 0 | 4 | |a Xécgây Âydenxtanh. |
| 630 | 0 | 4 | |a Đạo diễn. |
| 650 | 0 | 4 | |a Danh nhân. |
| 700 | 1 | |a Vương Trí Nhàn, |e dịch. | |
| 700 | 1 | |a Ngân Giang, |e dịch. | |
| OWN | |a DUT | ||
| 999 | |a From the UDN01 | ||
| TYP | |a Monograph | ||
| TYP | |a Printed language | ||
| 980 | |a Mạng thư viện Đại học Đà Nẵng | ||